[Event "HUN-chT2 Breyer 0203"]
[Site "Hungary"]
[Date "2003.02.02"]
[Round "6"]
[White "Magyar, Jozsef"]
[Black "Kerekes, Gyorgy"]
[Result "1/2-1/2"]
[WhiteElo "1940"]
[BlackElo "1705"]
[PlyCount "113"]
[EventDate "2002.09.22"]
[EventType "team"]
[EventRounds "11"]
[EventCountry "HUN"]
[SourceTitle "EXT 2009"]
[Source "ChessBase"]
[SourceDate "2008.11.26"]
[SourceVersion "1"]
[SourceVersionDate "2008.11.26"]
[SourceQuality "1"]

1. d4 d5 2. c4 dxc4 3. Nc3 e6 4. Nf3 Nc6 5. e3 Nf6 6. Bxc4 a6 7. 0-0 Be7 8. a3 0-0 9. b4 b5 10. Ba2 Bb7 11. Bb2 Qd7 12. Rc1 Rac8 13. Qc2 Nd8 14. Ne5 Qd6 15. Rfd1 Nd5 16. Nxd5 Bxd5 17. Bxd5 exd5 18. Nc6 Nxc6 19. Qxc6 Rfd8 20. Rc2 Rd7 21. Rdc1 Rcd8 22. Qxd6 Bxd6 23. Rc6 Ra8 24. Bc3 f5 25. h3 Kf7 26. f3 g6 27. Kf2 Re7 28. Bd2 Re6 29. f4 h5 30. Kf3 Ra7 31. g4 hxg4+ 32. hxg4 fxg4+ 33. Kxg4 Re8 34. Rh1 Rg8 35. Rh7+ Rg7 36. Rh8 Rg8 37. Rxg8 Kxg8 38. Be1 Kf7 39. f5 gxf5+ 40. Kxf5 Ra8 41. Bc3 Ke7 42. Be1 Kd7 43. Rc2 Rf8+ 44. Kg4 Re8 45. Re2 c6 46. Bh4 Re4+ 47. Kh3 Bc7 48. Bg3 Bd8 49. Bf4 a5 50. Ra2 a4 51. Rg2 Re7 52. Rg6 Re6 53. Rg8 Re7 54. Kg4 Bc7 55. Bg5 Rf7 56. Bf4 Re7 57. Ra8 1/2-1/2

[Event "HUN-chT2 Breyer 0203"]
[Site "Hungary"]
[Date "2003.01.19"]
[Round "5"]
[White "Somogyi, Gabor"]
[Black "Kerekes, Gyorgy"]
[Result "0-1"]
[WhiteElo "1830"]
[BlackElo "1705"]
[PlyCount "110"]
[EventDate "2002.09.22"]
[EventType "team"]
[EventRounds "11"]
[EventCountry "HUN"]
[SourceTitle "EXT 2009"]
[Source "ChessBase"]
[SourceDate "2008.11.26"]
[SourceVersion "1"]
[SourceVersionDate "2008.11.26"]
[SourceQuality "1"]

1. e4 e5 2. Nf3 Nc6 3. Bb5 d6 4. d4 exd4 5. Nxd4 Bd7 6. Nxc6 bxc6 7. Bc4 Nf6 8. Nc3 g6 9. 0-0 Bg7 10. f3 0-0 11. Be3 Qe7 12. Qd2 Rfd8 13. Rae1 Be6 14. Bb3 Bxb3 15. axb3 Qd7 16. Bg5 Re8 17. Re2 Re6 18. Rfe1 Rae8 19. f4 Qc8 20. e5 dxe5 21. Rxe5 Rxe5 22. fxe5 Ng4 23. h3 Nxe5 24. Ne4 Qf5 25. Ng3 Qe6 26. Kh1 Qc8 27. c3 Re6 28. Rf1 Rd6 29. Qf2 Qd7 30. Ne4 Rd1 31. Nf6+ Bxf6 32. Bxf6 Rxf1+ 33. Qxf1 Qe6 34. Qf4 Nd7 35. Bd4 c5 36. Bf2 Qd6 37. Qe4 Nf6 38. Qa8+ Kg7 39. Qxa7 Ne4 40. Be1 Qd1 41. Qxc7 Qxe1+ 42. Kh2 Qe3 43. b4 cxb4 44. cxb4 Nf6 45. b5 Nd5 46. Qc4 Qe5+ 47. Kg1 Qe6 48. Qd4+ f6 49. Kf2 h5 50. Kf3 g5 51. Qe4 Qd6 52. Qd4 h4 53. Ke4 Qe6+ 54. Kd3 Nf4+ 55. Kc2 Qe2+ 0-1